Statistics for Countries Nickelback has visited

Click here to take the quiz!

General Stats

  • This quiz has been taken 14 times
  • The average score is 28 of 31

Answer Stats

Continent Country % Correct
North AmericaUnited States of America
100%
EuropeUnited Kingdom
100%
South AmericaBrazil
100%
North AmericaCanada
100%
Asia/ EuropeRussia
100%
EuropeFrance
100%
EuropeGermany
100%
AsiaJapan
100%
OceaniaAustralia
93%
EuropeSwitzerland
93%
EuropeSweden
93%
EuropePortugal
93%
EuropePoland
93%
EuropeNorway
93%
South AmericaArgentina
93%
EuropeFinland
93%
EuropeDenmark
93%
EuropeCzech Republic
93%
EuropeBelgium
93%
EuropeItaly
93%
EuropeIreland
86%
EuropeHungary
86%
OceaniaNew Zealand
86%
South AmericaChile
86%
EuropeBelarus
86%
EuropeAustria
86%
EuropeLuxembourg
79%
AfricaSouth Africa
79%
EuropeLithuania
71%
Europethe Netherlands
71%
AsiaUnited Arab Emirates
43%

Score Distribution

Percentile by Number Answered

Percent of People with Each Score

Your Score History

You have not taken this quiz